Skoki Narciarskie - Najlepsi Polacy w PŚ w XXI wieku - Statystyki

Ogólne statystyki
  • Ten quiz został rozwiązany 367 razy
  • Średni wynik to 25 z 25
Statystyki odpowiedzi
Sezon Skoczek % Poprawnych
2000/01 Adam Małysz
100%
2001/02 Adam Małysz
100%
2002/03 Adam Małysz
100%
2003/04 Adam Małysz
100%
2004/05 Adam Małysz
100%
2005/06 Adam Małysz
100%
2006/07 Adam Małysz
100%
2007/08 Adam Małysz
100%
2008/09 Adam Małysz
100%
2009/10 Adam Małysz
100%
2010/11 Adam Małysz
100%
2011/12 Kamil Stoch
100%
2012/13 Kamil Stoch
100%
2013/14 Kamil Stoch
100%
2014/15 Kamil Stoch
100%
2015/16 Kamil Stoch
100%
2016/17 Kamil Stoch
100%
2017/18 Kamil Stoch
100%
2018/19 Kamil Stoch
100%
2020/21 Kamil Stoch
100%
2021/22 Piotr Żyła
100%
2019/20 Dawid Kubacki
99%
2022/23 Dawid Kubacki
99%
2024/25 Paweł Wąsek
94%
2023/24 Aleksander Zniszczoł
89%
Nie znaleziono quizów pasujących do podanych kryteriów
Rozkład punktacji
Procent ludzi z każdym wynikiem
Percentyl według liczby udzielonych odpowiedzi
Twoja historia wyników
Nie rozwiązałeś tego quizu